000 05378cam a2200385 4500500
005 20251228072608.0
041 _afre
042 _adc
100 1 0 _aEiguer, Alberto
_eauthor
700 1 0 _aDarchis, Élisabeth
_eauthor
700 1 0 _aGranjon, Evelyn
_eauthor
700 1 0 _aGrinspon, Eduardo
_eauthor
700 1 0 _aBass, Henri-Pierre
_eauthor
700 1 0 _aMarques-Lito, Ana
_eauthor
700 1 0 _aLopez-Minotti, Véronique
_eauthor
700 1 0 _aChéné, Alain
_eauthor
245 0 0 _aSensorialité et hallucinatoire dans le psychisme du psychanalyste de famille et de couple. Communication préliminaire
260 _c2023.
500 _a12
520 _aLes auteurs présentent une recherche en cours depuis 2017 sur les manifestations sensorielles chez l’analyste familial et leur élaboration. L’objet d’étude est le psychisme des mêmes psychanalystes familiaux qui réalisent la recherche ; ils vont évoquer leur contre-transfert lors du processus de leurs cas cliniques, leurs associations, sentiments, idées, rêveries. Ce récit se fait en groupe par visioconférence et en intervision des cas présentés. Aussi bien la groupalité que l’intervision permettent une régulation critique des expressions contre-transférentielles et le ménagement des principes de la recherche empirique : explication et compréhension par des tiers, vérification, doute, refusabilité. Ainsi le groupe s’installe-il dans un état régressif de suspension du jugement. La pensée groupale peut alors prendre de l’essor, la chaîne associative groupale, la synchronisation topique, l’accordage intersubjectif, la sollicitation de nos préconscients vont ouvrir vers des horizons inattendus. Les cas étudiés laissent entendre que la co-sensorialité est fertile en découvertes sur le fonctionnement familial inconscient ; elle assure et dynamise l’implication émotionnelle des patients et thérapeutes favorisant la création du néo-groupe ; les effets thérapeutiques sont notoires. Deux vignettes cliniques illustrent ce travail.
520 _aThe authors present a research project in progress since 2017 on sensory manifestations in the family analyst and their elaboration. The object of study is the mental life of the same family psychoanalysts who carry out the research; they will evoke their countertransference during the process of their clinical cases, their associations, feelings, ideas and reveries. This is done in a videoconference group and through intervision of the cases presented. Both the groupality and the intervision allow for a critical regulation of counter-transferential expressions and a restrained application of the principles of empirical research: explanation and comprehension by third parties, verification, doubt, refusability. In this way, the group settles into a regressive state of suspended judgment. Group thinking can then flourish; the group associative chain, topographical synchronisation, intersubjective tuning and the solicitation of our preconscious will open out on to unexpected horizons. The cases studied suggest that co-sensoriality is fertile in permitting discoveries concerning the unconscious family functioning; it ensures and energizes the emotional involvement of patients and therapists, favouring the creation of a neo-group; the therapeutic effects are notable. Two clinical vignettes illustrate this work.
520 _aLos autores presentan una investigación en marcha desde 2017 sobre las manifestaciones sensoriales en el analista familiar y su elaboración. El objeto de estudio es la psique de los mismos psicoanalistas familiares ( pf) que realizan la investigación; ellos evocarán su contratransferencia ( ct) durante el proceso de sus casos clínicos, sus asociaciones, sentimientos, ideas, ensueños. Este relato se realiza en forma grupal por videoconferencia y en intervisión de los casos presentados. Tanto el grupo como la intervisión permiten una regulación crítica de las expresiones contratransferenciales y el respeto de los principios de la investigación empírica: explicación y comprensión por terceros, verificación, duda, rechazo. De este modo, el grupo se instala en un estado regresivo de suspensión del juzgamiento. El pensamiento de grupo puede entonces despegar, la cadena asociativa grupal, la sincronización tópica, la sintonía intersubjetiva, la solicitación de nuestro preconsciente abrirán horizontes inesperados.Los casos estudiados sugieren que la co-sensorialidad es fértil en descubrimientos sobre el funcionamiento familiar inconsciente; asegura y dinamiza la implicación emocional de pacientes y terapeutas favoreciendo la creación del neo-grupo; los efectos terapéuticos son notorios. Dos viñetas clínicas ilustran este trabajo.
690 _aco-hallucinatoire
690 _aintervision
690 _arecherche
690 _aSensorialité
690 _atravail groupal des contre-transferts
690 _aco-hallucinatory
690 _agroup work of counter-transference
690 _aintervision
690 _aresearch
690 _aSensoriality
786 0 _nRevue de psychothérapie psychanalytique de groupe | 80 | 1 | 2023-04-13 | p. 43-56 | 0297-1194
856 4 1 _uhttps://shs.cairn.info/revue-de-psychotherapie-psychanalytique-de-groupe-2023-1-page-43?lang=fr&redirect-ssocas=7080
999 _c1594277
_d1594277